000 00736nmc a2200277 a 4500
003 AR-BaBNM
005 20251128202843.0
008 047019s1988 ||||||||||||||000 | spa||
020 _a950-581-431-3
040 _cAR-BaBNM
100 1 _aMariño, Ricardo
245 1 0 _aCuentos con ogro y princesa
260 _aBuenos Aires
_bColihue
_c1988
300 0 _a16 p.
_bil.
490 0 _aEl pajarito remendado
_vv. 6
650 4 _aLITERATURA INFANTIL
650 4 _aLIBROS PARA NINOS
650 4 _aCUENTOS DE TERROR
653 0 _aCUENTO MARAVILLOSO
655 _aLITERATURA
700 1 _aCantón, Laura
_eilustrador
800 1 _aDevetach, Laura
_edirector
800 1 _aRoldán, Gustavo
_edirector
942 _cBK
998 _claura
999 _c898
_d898